[Event "Oberliga Ost-B 1718"]
[Site "Germany"]
[Date "2018.02.25"]
[Round "8.6"]
[White "Rosa, Mike"]
[Black "Neidhardt, Helge"]
[Result "1/2-1/2"]
[WhiteElo "2073"]
[BlackElo "2087"]
[PlyCount "60"]
[EventDate "2017.10.22"]
[EventType "team-tourn"]
[EventRounds "11"]
[EventCountry "GER"]
[SourceTitle "EXT 2019"]
[Source "ChessBase"]
[SourceDate "2018.10.10"]
[SourceVersion "1"]
[SourceVersionDate "2018.10.10"]
[SourceQuality "1"]
[WhiteTeam "Frankfurt Koenig Nied"]
[BlackTeam "Marburg"]
[WhiteTeamCountry "GER"]
[BlackTeamCountry "GER"]

1. e4 e5 2. Nf3 Nc6 3. Bb5 Nf6 4. d3 Bc5 5. c3 d6 6. 0-0 0-0 7. Nbd2 Bd7 8. Re1 a6 9. Ba4 b5 10. Bc2 h6 11. Nf1 Re8 12. Ng3 Ba7 13. a4 Ne7 14. h3 Ng6 15. d4 c5 16. Nf5 Qc7 17. axb5 cxd4 18. Rxa6 Bxb5 19. Rxd6 Re6 20. Rxe6 fxe6 21. Bb3 Bc4 22. N5h4 Nxh4 23. Nxh4 dxc3 24. Bxc4 Qxc4 25. Qe2 Qxe2 26. Rxe2 cxb2 27. Bxb2 Bd4 28. Bxd4 exd4 29. e5 Ra1+ 30. Kh2 d3 1/2-1/2

[Event "Hessenliga 1314"]
[Site "Germany"]
[Date "2014.03.09"]
[Round "7.6"]
[White "Rosa, Mike"]
[Black "Emmerich, Dirk"]
[Result "1-0"]
[WhiteElo "2080"]
[BlackElo "2200"]
[PlyCount "88"]
[EventDate "2013.09.29"]
[EventType "team-tourn"]
[EventRounds "9"]
[EventCountry "GER"]
[SourceTitle "EXT 2015"]
[Source "ChessBase"]
[SourceDate "2014.11.20"]
[SourceVersion "1"]
[SourceVersionDate "2014.11.20"]
[SourceQuality "1"]
[WhiteTeam "Nied"]
[BlackTeam "Dotzheim"]
[WhiteTeamCountry "GER"]
[BlackTeamCountry "GER"]

1. c4 g6 2. Nc3 Bg7 3. d4 d6 4. Nf3 Nd7 5. Bf4 e5 6. dxe5 dxe5 7. Bg3 Ne7 8. e4 0-0 9. h4 h5 10. Be2 Nc6 11. Nd5 Nc5 12. Ng5 f6 13. Bxh5 fxg5 14. Bxg6 g4 15. h5 Qd6 16. b4 Nxb4 17. Nxb4 Nxe4 18. Qxd6 Nxd6 19. h6 Bxh6 20. Rxh6 Kg7 21. Rh7+ Kxg6 22. Rxc7 Be6 23. c5 Nf7 24. Rxb7 a5 25. Nc6 Kf6 26. Bh4+ Kg6 27. Ne7+ Kh5 28. Bg3 Kg5 29. Ke2 Rh8 30. Rb6 Rh6 31. Ke3 Re8 32. Nc6 a4 33. Nb4 Rc8 34. Rc1 Kf5 35. a3 Rhh8 36. c6 Nd6 37. c7 Nc4+ 38. Rxc4 Bxc4 39. Rc6 Bf7 40. Rc5 Rhe8 41. Nd3 Re7 42. Bxe5 Ba2 43. f4 g3 44. Nb4 Bb3 1-0

[Event "Hessenliga 1213"]
[Site "Germany"]
[Date "2013.01.27"]
[Round "5.6"]
[White "Rosa, Mike"]
[Black "Heck, Stefan"]
[Result "1-0"]
[WhiteElo "2108"]
[BlackElo "2048"]
[PlyCount "79"]
[EventDate "2012.09.16"]
[EventType "team-tourn"]
[EventRounds "9"]
[EventCountry "GER"]
[SourceTitle "EXT 2014"]
[Source "ChessBase"]
[SourceDate "2013.11.20"]
[SourceVersion "1"]
[SourceVersionDate "2013.11.20"]
[SourceQuality "1"]
[WhiteTeam "Nied"]
[BlackTeam "Steinbach"]
[WhiteTeamCountry "GER"]
[BlackTeamCountry "GER"]

1. e4 c5 2. Nf3 d6 3. Bc4 Nf6 4. Qe2 a6 5. c3 e6 6. Bb3 Be7 7. 0-0 0-0 8. d4 Nbd7 9. Rd1 Qc7 10. e5 Ne8 11. Nbd2 d5 12. Nf1 cxd4 13. cxd4 Nb6 14. Bg5 Qd8 15. h4 Bd7 16. Rac1 Bb5 17. Qe1 h6 18. Bxe7 Qxe7 19. g4 Nd7 20. Ng3 Bc6 21. Bc2 f6 22. Qe3 fxe5 23. dxe5 Qf7 24. Nd4 Rc8 25. Nge2 Nxe5 26. Qxe5 Qxf2+ 27. Kh1 Qxh4+ 28. Qh2 Qxh2+ 29. Kxh2 e5 30. Nf5 Kh8 31. Ne7 Rf2+ 32. Kg1 Rxe2 33. Nxc8 d4 34. Ne7 Bf3 35. Ng6+ Kg8 36. Re1 Rg2+ 37. Kf1 Nf6 38. Nxe5 Bd5 39. Bg6 Kf8 40. Nd7+ 1-0

[Event "Hessenliga 1213"]
[Site "Germany"]
[Date "2012.12.02"]
[Round "4.6"]
[White "Reh, Stefan"]
[Black "Rosa, Mike"]
[Result "0-1"]
[WhiteElo "2063"]
[BlackElo "2108"]
[PlyCount "82"]
[EventDate "2012.09.16"]
[EventType "team-tourn"]
[EventRounds "9"]
[EventCountry "GER"]
[SourceTitle "EXT 2014"]
[Source "ChessBase"]
[SourceDate "2013.11.20"]
[SourceVersion "1"]
[SourceVersionDate "2013.11.20"]
[SourceQuality "1"]
[WhiteTeam "Gelnhausen"]
[BlackTeam "Nied"]
[WhiteTeamCountry "GER"]
[BlackTeamCountry "GER"]

1. e4 c5 2. c3 Nf6 3. e5 Nd5 4. d4 cxd4 5. cxd4 e6 6. Nc3 Bb4 7. Bd2 Nxc3 8. bxc3 Be7 9. Qg4 g6 10. Bd3 Nc6 11. Qe2 Qc7 12. Nf3 0-0 13. h4 d6 14. h5 dxe5 15. Nxe5 Nxe5 16. dxe5 Bg5 17. f4 Bd8 18. Rh3 f5 19. hxg6 hxg6 20. Kf2 Rf7 21. Rah1 Rg7 22. Rh8+ Kf7 23. Qf3 Be7 24. R1h7 Bf8 25. Qh3 b6 26. Qh4 Qe7 27. Qh3 Bb7 28. g4 Rxh7 29. Rxh7+ Bg7 30. gxf5 gxf5 31. Qg3 Kg8 32. Rh5 Rd8 33. Ke2 Qd7 34. Rg5 Be4 35. Rxg7+ Qxg7 36. Qxg7+ Kxg7 37. Bxe4 fxe4 38. Ke3 Rd3+ 39. Ke2 Kg6 40. Ke1 Kf5 41. Ke2 Rxd2+ 0-1

[Event "Karl Mala Memorial op 15th"]
[Site "Frankfurt"]
[Date "2012.07.08"]
[Round "7"]
[White "Schwarz, Larissa"]
[Black "Rosa, Mike"]
[Result "1/2-1/2"]
[WhiteElo "1870"]
[BlackElo "2108"]
[PlyCount "110"]
[EventDate "2012.07.05"]
[EventType "swiss"]
[EventRounds "7"]
[EventCountry "GER"]
[SourceTitle "CBM 149 Extra"]
[Source "ChessBase"]
[SourceDate "2012.08.24"]
[SourceVersion "1"]
[SourceVersionDate "2012.08.24"]
[SourceQuality "1"]

1. e4 c5 2. Nf3 e6 3. d4 cxd4 4. Nxd4 a6 5. Nc3 Nc6 6. Be2 Nf6 7. 0-0 Qc7 8. Be3 Be7 9. f4 d6 10. Kh1 0-0 11. Qe1 b5 12. a3 Bb7 13. Bd3 Nxd4 14. Bxd4 e5 15. fxe5 dxe5 16. Be3 Ng4 17. Bg1 Bc5 18. Bxc5 Qxc5 19. h3 Ne3 20. Rf3 Nc4 21. Bxc4 Qxc4 22. Rd1 Rad8 23. Rfd3 Rd4 24. b3 Qc5 25. Qf2 Rd5 26. Qxc5 Rxc5 27. R1d2 g6 28. Nd5 Kg7 29. Rc3 Rfc8 30. Rxc5 Rxc5 31. Kg1 f5 32. b4 Rc4 33. exf5 Rd4 34. Rxd4 exd4 35. Nf4 gxf5 36. Ne6+ Kf6 37. Nxd4 Ke5 38. Ne2 Be4 39. c3 Kd5 40. Kf2 Kc4 41. g4 fxg4 42. hxg4 Bd3 43. g5 Bxe2 44. Kxe2 Kxc3 45. Kf3 Kb3 46. Kg4 Kxa3 47. Kh5 Kxb4 48. Kh6 a5 49. Kxh7 a4 50. g6 a3 51. g7 a2 52. g8Q a1Q 53. Qf8+ Kc4 54. Qf7+ Kc5 55. Qe7+ Kc4 1/2-1/2

[Event "Karl Mala Memorial op 15th"]
[Site "Frankfurt"]
[Date "2012.07.07"]
[Round "5"]
[White "Roehlich, Dirk"]
[Black "Rosa, Mike"]
[Result "1/2-1/2"]
[WhiteElo "2012"]
[BlackElo "2108"]
[PlyCount "50"]
[EventDate "2012.07.05"]
[EventType "swiss"]
[EventRounds "7"]
[EventCountry "GER"]
[SourceTitle "CBM 149 Extra"]
[Source "ChessBase"]
[SourceDate "2012.08.24"]
[SourceVersion "1"]
[SourceVersionDate "2012.08.24"]
[SourceQuality "1"]

1. Nf3 Nf6 2. c4 e6 3. g3 d5 4. cxd5 exd5 5. d4 c6 6. Bg2 Bd6 7. 0-0 0-0 8. Bg5 h6 9. Bxf6 Qxf6 10. Qb3 Re8 11. e3 Nd7 12. Nbd2 Nf8 13. Rac1 Re7 14. a3 Bg4 15. Qa4 a6 16. b4 Rc8 17. Rc3 Ree8 18. Rfc1 Qe7 19. Ne1 f5 20. Bxd5+ Kh8 21. Bg2 g5 22. Nd3 Rcd8 23. Nc4 b5 24. Qxa6 bxc4 25. Qxc4 Ng6 1/2-1/2

[Event "Karl Mala Memorial op 15th"]
[Site "Frankfurt"]
[Date "2012.07.05"]
[Round "1"]
[White "Nothnagel, Marian Can"]
[Black "Rosa, Mike"]
[Result "1/2-1/2"]
[WhiteElo "1720"]
[BlackElo "2108"]
[PlyCount "135"]
[EventDate "2012.07.05"]
[EventType "swiss"]
[EventRounds "7"]
[EventCountry "GER"]
[SourceTitle "CBM 149 Extra"]
[Source "ChessBase"]
[SourceDate "2012.08.24"]
[SourceVersion "1"]
[SourceVersionDate "2012.08.24"]
[SourceQuality "1"]

1. e4 c5 2. Nf3 e6 3. d4 cxd4 4. Nxd4 a6 5. Nc3 Nc6 6. Be3 Nf6 7. Be2 Bb4 8. f3 d5 9. exd5 exd5 10. 0-0 0-0 11. Bf2 Bxc3 12. bxc3 Ne5 13. Nb3 Re8 14. a4 Ng6 15. a5 Nh5 16. Re1 Qg5 17. Bf1 Bd7 18. Qd2 Qxd2 19. Nxd2 Rxe1 20. Rxe1 Rc8 21. Bd4 Nhf4 22. c4 dxc4 23. Bxc4 Be6 24. Bb3 Bxb3 25. Nxb3 Rxc2 26. Re8+ Nf8 27. Bc5 N4e6 28. Bxf8 Nxf8 29. Re7 h5 30. Rxb7 Ng6 31. Rd7 Rb2 32. Nd2 Rb5 33. Nc4 Ne5 34. Rd8+ Kh7 35. Nxe5 Rxe5 36. Ra8 Rxa5 37. Kf2 Ra3 38. Kg3 a5 39. Ra6 f6 40. h4 Kg6 41. Ra7 Ra1 42. Kf4 a4 43. Ra5 a3 44. Kg3 a2 45. Kf4 Kf7 46. Ra6 g6 47. Kg3 Ke7 48. Kh2 Kd7 49. Kg3 Kc7 50. Kh2 Kb7 51. Ra3 Kb6 52. Kg3 Kb5 53. Ra8 Kc4 54. Ra7 Kd3 55. Ra8 Ke2 56. Ra7 Kf1 57. Ra8 g5 58. hxg5 fxg5 59. Ra7 Kg1 60. Ra8 h4+ 61. Kh3 Kf2 62. Kh2 h3 63. gxh3 Kxf3 64. Rf8+ Ke4 65. Ra8 Kf5 66. Ra5+ Kg6 67. Ra6+ Kh5 68. Ra4 1/2-1/2

[Event "Hessenliga 1112"]
[Site "Germany"]
[Date "2012.05.13"]
[Round "9.6"]
[White "Rosa, Mike"]
[Black "Regis, Georg"]
[Result "1/2-1/2"]
[WhiteElo "2114"]
[BlackElo "2137"]
[PlyCount "21"]
[EventDate "2011.09.25"]
[EventType "team-tourn"]
[EventRounds "9"]
[EventCountry "GER"]
[SourceTitle "EXT 2013"]
[Source "ChessBase"]
[SourceDate "2012.11.22"]
[SourceVersion "1"]
[SourceVersionDate "2012.11.22"]
[SourceQuality "1"]
[WhiteTeam "Nied"]
[BlackTeam "Dotzheim"]
[WhiteTeamCountry "GER"]
[BlackTeamCountry "GER"]

1. d4 Nf6 2. c4 e6 3. Nf3 b6 4. g3 Be7 5. Bg2 0-0 6. 0-0 Bb7 7. Nc3 d6 8. Qc2 Nbd7 9. b3 Re8 10. Bb2 Bf8 11. e4 1/2-1/2

[Event "Hessenliga 1112"]
[Site "Germany"]
[Date "2012.01.29"]
[Round "5.7"]
[White "Meinzer, Dieter"]
[Black "Rosa, Mike"]
[Result "1-0"]
[WhiteElo "2218"]
[BlackElo "2114"]
[PlyCount "147"]
[EventDate "2011.09.25"]
[EventType "team-tourn"]
[EventRounds "9"]
[EventCountry "GER"]
[SourceTitle "EXT 2013"]
[Source "ChessBase"]
[SourceDate "2012.11.22"]
[SourceVersion "1"]
[SourceVersionDate "2012.11.22"]
[SourceQuality "1"]
[WhiteTeam "Eppstein"]
[BlackTeam "Nied"]
[WhiteTeamCountry "GER"]
[BlackTeamCountry "GER"]

1. d4 Nf6 2. c4 e6 3. g3 d5 4. Nf3 Be7 5. Bg2 0-0 6. 0-0 c6 7. Qc2 Nbd7 8. b3 b6 9. Bb2 Bb7 10. Nc3 Rc8 11. e4 Nxe4 12. Nxe4 dxe4 13. Qxe4 Nf6 14. Qe2 c5 15. Rad1 Qc7 16. Rfe1 cxd4 17. Nxd4 Bxg2 18. Kxg2 Bb4 19. Rf1 Qb7+ 20. Qf3 Qxf3+ 21. Kxf3 e5 22. Nc2 e4+ 23. Ke2 Bc5 24. Ne3 Bxe3 25. fxe3 Rc6 26. Bxf6 gxf6 27. Rd7 a6 28. Rf5 Rfc8 29. g4 h6 30. Rfd5 b5 31. cxb5 Rc2+ 32. Rd2 axb5 33. Rxc2 Rxc2+ 34. Rd2 Rc1 35. Kf2 Rh1 36. Kg3 Rf1 37. Rf2 Re1 38. Kf4 Rg1 39. Rc2 Kf8 40. h4 Rh1 41. h5 Rg1 42. Rc5 Rg2 43. a3 Ra2 44. Rxb5 Rxa3 45. Rb7 Ra5 46. Kxe4 Rg5 47. Kf4 f5 48. gxf5 Rxh5 49. e4 Rh1 50. Ke5 Kg7 51. b4 h5 52. Kf4 Rh4+ 53. Kg5 Rg4+ 54. Kxh5 Rxe4 55. Kg5 Re1 56. f6+ Kg8 57. b5 Rg1+ 58. Kf5 Rf1+ 59. Ke5 Re1+ 60. Kd5 Rd1+ 61. Kc6 Rf1 62. Rd7 Rxf6+ 63. Kc7 Rf1 64. b6 Rc1+ 65. Kd8 Kg7 66. b7 Rb1 67. Kc8 Kg6 68. b8Q Rxb8+ 69. Kxb8 f5 70. Kc7 f4 71. Kd6 Kf5 72. Kd5 f3 73. Rf7+ Kg4 74. Ke4 1-0

[Event "Karl Mala Memorial op 14th"]
[Site "Frankfurt"]
[Date "2011.07.10"]
[Round "6"]
[White "Rosa, Mike"]
[Black "Hofer, Emilian"]
[Result "1-0"]
[WhiteElo "2114"]
[BlackElo "1886"]
[PlyCount "59"]
[EventDate "2011.07.07"]
[EventType "swiss"]
[EventRounds "7"]
[EventCountry "GER"]
[SourceTitle "EXT 2012"]
[Source "ChessBase"]
[SourceDate "2011.11.24"]
[SourceVersion "1"]
[SourceVersionDate "2011.11.24"]
[SourceQuality "1"]

1. e4 e5 2. Nf3 Nc6 3. Bb5 a6 4. Ba4 Nf6 5. d3 b5 6. Bb3 d6 7. 0-0 Be7 8. a4 Bb7 9. Nc3 b4 10. Ne2 Na5 11. Ba2 0-0 12. Ng3 Bc8 13. d4 Nc6 14. h3 Re8 15. Ng5 Rf8 16. Nf3 Re8 17. Re1 h6 18. Be3 Bf8 19. Qd2 a5 20. Rad1 Bb7 21. dxe5 Nxe5 22. Nxe5 dxe5 23. Qe2 Qe7 24. Nf5 Qd8 25. Rxd8 Raxd8 26. Qc4 Rd7 27. f3 Re6 28. Qb5 Bc6 29. Qxa5 Re8 30. Qa6 1-0

[Event "Karl Mala Memorial op 14th"]
[Site "Frankfurt"]
[Date "2011.07.09"]
[Round "5"]
[White "Troidl, Thomas"]
[Black "Rosa, Mike"]
[Result "1-0"]
[WhiteElo "1913"]
[BlackElo "2114"]
[PlyCount "83"]
[EventDate "2011.07.07"]
[EventType "swiss"]
[EventRounds "7"]
[EventCountry "GER"]
[SourceTitle "EXT 2012"]
[Source "ChessBase"]
[SourceDate "2011.11.24"]
[SourceVersion "1"]
[SourceVersionDate "2011.11.24"]
[SourceQuality "1"]

1. e4 c5 2. Nf3 e6 3. d4 cxd4 4. Nxd4 a6 5. c4 Nf6 6. Nc3 Bb4 7. Bd3 Qc7 8. 0-0 b5 9. cxb5 Bxc3 10. b6 Qc5 11. Nb3 Qxb6 12. bxc3 Bb7 13. e5 Nd5 14. Qg4 Nc6 15. c4 Nde7 16. Be3 Qc7 17. f4 h5 18. Qe2 g5 19. fxg5 Nxe5 20. Bf4 N7c6 21. Be4 d6 22. Bxc6+ Qxc6 23. c5 Nc4 24. cxd6 Nxd6 25. Rac1 Qb6+ 26. Be3 Qb5 27. Qb2 Rg8 28. Rc5 Qd3 29. Rc3 Qd5 30. Nc5 Rc8 31. Rd3 Rxc5 32. Rxd5 Rxd5 33. Bf4 Rb5 34. Qe2 Nf5 35. a4 Rb4 36. Bd2 Rg4 37. g3 Re4 38. Qxh5 Rxa4 39. Qh7 Rf8 40. g6 Ra2 41. Rxf5 exf5 42. g7 1-0

[Event "Karl Mala Memorial op 14th"]
[Site "Frankfurt"]
[Date "2011.07.08"]
[Round "3"]
[White "Boidman, Yuri"]
[Black "Rosa, Mike"]
[Result "1-0"]
[WhiteElo "2445"]
[BlackElo "2114"]
[PlyCount "43"]
[EventDate "2011.07.07"]
[EventType "swiss"]
[EventRounds "7"]
[EventCountry "GER"]
[SourceTitle "EXT 2012"]
[Source "ChessBase"]
[SourceDate "2011.11.24"]
[SourceVersion "1"]
[SourceVersionDate "2011.11.24"]
[SourceQuality "1"]

1. e4 c5 2. Nf3 e6 3. Nc3 a6 4. g3 b5 5. Bg2 Bb7 6. d3 Nc6 7. 0-0 d6 8. Ng5 Be7 9. Nh3 Qb6 10. f4 Nf6 11. f5 exf5 12. Rxf5 Nd4 13. Rf1 0-0 14. Nd5 Nxd5 15. exd5 b4 16. c3 Nb5 17. Bd2 c4+ 18. d4 bxc3 19. bxc3 Nc7 20. Rb1 Qa7 21. Qe2 Nxd5 22. Rf5 1-0

[Event "Frankfurt-ch"]
[Site "Frankfurt"]
[Date "2011.06.14"]
[Round "7"]
[White "Rosa, Mike"]
[Black "Legde, Georg"]
[Result "0-1"]
[WhiteElo "2114"]
[BlackElo "2326"]
[PlyCount "60"]
[EventDate "2011.05.02"]
[EventType "swiss"]
[EventRounds "7"]
[EventCountry "GER"]
[SourceTitle "EXT 2012"]
[Source "ChessBase"]
[SourceDate "2011.11.24"]
[SourceVersion "1"]
[SourceVersionDate "2011.11.24"]
[SourceQuality "1"]

1. d4 Nf6 2. Nf3 b6 3. Bf4 Bb7 4. e3 Nh5 5. Bd3 g6 6. 0-0 Bg7 7. Re1 d6 8. Nbd2 Nd7 9. Bg5 h6 10. Bh4 g5 11. Bg3 Nxg3 12. hxg3 e6 13. c4 Qe7 14. Qa4 0-0 15. Qa3 c5 16. Rad1 g4 17. Nh2 h5 18. dxc5 dxc5 19. Be4 Bxe4 20. Nxe4 Ne5 21. Qb3 Rad8 22. f4 gxf3 23. gxf3 f5 24. Nf2 Qg5 25. Kg2 h4 26. Nf1 Qh5 27. e4 fxe4 28. Rxe4 Rxd1 29. Nxd1 Nxf3 30. Rxe6 Nd4 0-1

[Event "Frankfurt-ch"]
[Site "Frankfurt"]
[Date "2011.05.09"]
[Round "2"]
[White "Zepuntke, Thomas"]
[Black "Rosa, Mike"]
[Result "0-1"]
[WhiteElo "1745"]
[BlackElo "2114"]
[PlyCount "98"]
[EventDate "2011.05.02"]
[EventType "swiss"]
[EventRounds "7"]
[EventCountry "GER"]
[SourceTitle "EXT 2012"]
[Source "ChessBase"]
[SourceDate "2011.11.24"]
[SourceVersion "1"]
[SourceVersionDate "2011.11.24"]
[SourceQuality "1"]

1. d4 f5 2. Nf3 Nf6 3. c4 e6 4. Nc3 Bb4 5. Bd2 0-0 6. e3 d6 7. Qb3 Bxc3 8. Bxc3 Qe8 9. Bd3 Nbd7 10. Nd2 Qg6 11. Rg1 b6 12. 0-0-0 Ng4 13. Rdf1 Nxh2 14. Re1 Ng4 15. f3 Nh6 16. g4 Qe8 17. gxf5 Nxf5 18. e4 Nh4 19. Rg3 Ng6 20. Reg1 Rf7 21. Qd1 Nf4 22. Bb1 e5 23. Nf1 Nf6 24. Bd2 N6h5 25. Bxf4 Nxf4 26. Ne3 exd4 27. Nd5 Nxd5 28. cxd5 Qe5 29. Qd2 g6 30. Rg5 Qf4 31. Qxf4 Rxf4 32. e5 dxe5 33. Bxg6 hxg6 34. Rxg6+ Kf8 35. Rg8+ Ke7 36. R1g7+ Rf7 37. Rg5 Kd6 38. Rd8+ Rd7 39. Re8 Kxd5 40. Rgxe5+ Kc4 41. b3+ Kc3 42. Re2 d3 43. R8e3 Rh7 44. Rc2+ Kd4 45. Re4+ Kd5 46. Rcc4 c5 47. Re8 Rh1+ 48. Kd2 Rh2+ 49. Kd1 Bg4 0-1

[Event "Rhein Main op 10th"]
[Site "Bad Homburg"]
[Date "2007.06.10"]
[Round "7"]
[White "Riha, Peter"]
[Black "Rosa, Mike"]
[Result "1-0"]
[WhiteElo "1823"]
[BlackElo "2098"]
[PlyCount "69"]
[EventDate "2007.06.06"]
[EventType "swiss"]
[EventRounds "7"]
[EventCountry "GER"]
[SourceTitle "EXT 2008"]
[Source "ChessBase"]
[SourceDate "2007.11.25"]
[SourceVersion "1"]
[SourceVersionDate "2007.11.25"]
[SourceQuality "1"]

1. d4 d5 2. c4 e6 3. Nc3 b6 4. Bf4 Bd6 5. Bxd6 Qxd6 6. e3 Nf6 7. Nf3 0-0 8. Be2 dxc4 9. Ne5 Bb7 10. Nxc4 Qe7 11. Bf3 Bxf3 12. Qxf3 Nbd7 13. 0-0 c5 14. Rfd1 cxd4 15. Rxd4 e5 16. Rd2 g6 17. e4 Kg7 18. Ne3 Rac8 19. Rad1 Rfd8 20. Ned5 Nxd5 21. Nxd5 Qg5 22. Qe2 Nc5 23. g3 h5 24. Kg2 h4 25. Nc3 Ne6 26. Kf1 hxg3 27. hxg3 Nd4 28. Qe3 Qh5 29. Rxd4 exd4 30. Rxd4 Qh3+ 31. Ke2 Rxd4 32. Qxd4+ f6 33. Qa4 Rc7 34. Nd5 Rd7 35. Nf4 1-0

[Event "Rhein Main op 10th"]
[Site "Bad Homburg"]
[Date "2007.06.07"]
[Round "3"]
[White "Westerinen, Heikki MJ"]
[Black "Rosa, Mike"]
[Result "1-0"]
[WhiteElo "2384"]
[BlackElo "2098"]
[PlyCount "169"]
[EventDate "2007.06.06"]
[EventType "swiss"]
[EventRounds "7"]
[EventCountry "GER"]
[SourceTitle "EXT 2008"]
[Source "ChessBase"]
[SourceDate "2007.11.25"]
[SourceVersion "1"]
[SourceVersionDate "2007.11.25"]
[SourceQuality "1"]

1. e4 c5 2. Nf3 e6 3. c3 d5 4. e5 d4 5. cxd4 cxd4 6. Bb5+ Bd7 7. Bxd7+ Qxd7 8. 0-0 Nc6 9. d3 Qd5 10. Re1 Bb4 11. Re4 f5 12. exf6 Nxf6 13. Re2 0-0 14. Nbd2 Nh5 15. Re4 Bd6 16. Nf1 Rf6 17. Ng5 Nf4 18. Bxf4 Bxf4 19. Nxe6 Bxh2+ 20. Nxh2 Rxe6 21. Rxe6 Qxe6 22. Nf3 Ne5 23. Nxe5 Qxe5 24. Qb3+ Kh8 25. Qxb7 Rb8 26. Rc1 h6 27. Rc8+ Rxc8 28. Qxc8+ Kh7 29. g3 Qe1+ 30. Kg2 Qb1 31. Qf5+ Kh8 32. Qb5 Qxa2 33. Qe8+ Kh7 34. Qe4+ Kh8 35. Qxd4 a5 36. Qe5 a4 37. Qb5 Qb1 38. Qxa4 Qxd3 39. Qa8+ Kh7 40. Qb7 h5 41. Qf3 Qb5 42. Qe4+ Kh6 43. b4 g6 44. Qe3+ Kh7 45. Qc5 Qb7+ 46. Kg1 h4 47. gxh4 Qe4 48. Qc7+ Kh6 49. Qc3 Qg4+ 50. Kh2 Qf4+ 51. Kh3 Kh7 52. f3 Qf5+ 53. Kg3 Qb5 54. Qc7+ Kh6 55. Qe7 Qf1 56. Qe3+ Kh7 57. Qe4 Kh6 58. Kf4 Qc1+ 59. Ke5 Qc7+ 60. Kd4 Qd6+ 61. Kc4 Qc7+ 62. Kb3 Qf7+ 63. Kb2 Qf6+ 64. Kc2 Qa1 65. Qe3+ Kh7 66. Qb3 Qe1 67. Qf7+ Kh6 68. Qf4+ Kh7 69. Qe4 Qf2+ 70. Kb3 Kh6 71. b5 Qc5 72. Qc6 Qe3+ 73. Qc3 Qe6+ 74. Ka4 Qa2+ 75. Kb4 Qb1+ 76. Ka3 Kh7 77. Qc7+ Kh6 78. Qe5 Qc1+ 79. Kb4 Qd2+ 80. Kc4 Qa2+ 81. Kc5 Qa7+ 82. Kb4 Kh7 83. h5 gxh5 84. Qxh5+ Kg7 85. Qe5+ 1-0